LEADER 03594nam 2200793 450 001 9910297035803321 005 20210521140555.0 010 $a3-8452-2351-0 035 $a(CKB)4340000000009414 035 $a(WaSeSS)IndRDA00120439 035 $a(EXLCZ)994340000000009414 100 $a20200604d2010 uy 0 101 0 $ager 181 $ctxt$2rdacontent 182 $cc$2rdamedia 183 $acr$2rdacarrier 200 04$aDie Alterssicherung von Beamten und ihre Reformen im Rechtsvergleich /$fUlrich Becker, Peter A. Ko?hler, Yasemin Ko?rtek (Hrsg.) 205 $a1.Auflage. 210 1$aBaden-Baden, Germany :$cNomos,$d2010. 215 $a1 online resource (281 pages) 225 0 $aStudien aus dem Max-Planck-Institut fu?r ausla?ndisches und internationales Sozialrecht ;$vBand 50 330 $a"Rund 25 Jahre nach der letzten rechtsvergleichenden Analyse der Alterssicherung von Beamten ist am Max-Planck-Institut für ausländisches und internationales Sozialrecht in München eine neue Studie zu dieser Fragestellung konzipiert und unter Mithilfe von einigen externen Kooperationspartnern durchgeführt worden. Untersucht werden die grundlegenden Prinzipien der Alterssicherung von Beamten und ihre mögliche Veränderung im Laufe der Zeit. Dabei steht die aktuelle Situation in einer Reihe von europäischen Ländern im Vordergrund. Ausgehend von den in Deutschland über die letzten Jahrzehnte gesammelten Erfahrungen, wird die Alterssicherung von Beamten in Deutschland, Frankreich, Italien, Dänemark, Norwegen, Schweden, Rußland, der Schweiz, Slowenien, Tschechien und im Vereinigten Königreich dargestellt. Das Dienstrecht der Europäischen Union und der Vereinten Nationen wird ergänzend einbezogen. "--Verl. 606 $aAssurance vieillesse$9fre$2ECLAS 606 $aPlans de retraite$9fre$2ECLAS 606 $aPensions$9fre$2ECLAS 606 $apension scheme$9eng$2eurovoc 606 $aFonctionnaires$9fre$2ECLAS 606 $acivil servant$9eng$2eurovoc 606 $aUE/CE Personnel$9fre$2ECLAS 606 $aEuropean official$9eng$2eurovoc 606 $aFonction publique internationale$9fre$2ECLAS 606 $ainternational civil service$9eng$2eurovoc 606 $aStatut des fonctionnaires$9fre$2ECLAS 606 $aregulations for civil servants$9eng$2eurovoc 606 $aDroit comparé$9fre$2ECLAS 606 $acomparative law$9eng$2eurovoc 606 $aUE/CE Etats membres$9fre$2ECLAS 606 $aEU Member State$9eng$2eurovoc 606 $aGermany$9eng$2eurovoc 606 $aEurope$9eng$2eurovoc 607 $aAllemagne RF$9fre$2ECLAS 615 7$aAssurance vieillesse 615 7$aPlans de retraite 615 7$aPensions 615 7$apension scheme 615 7$aFonctionnaires 615 7$acivil servant 615 7$aUE/CE Personnel 615 7$aEuropean official 615 7$aFonction publique internationale 615 7$ainternational civil service 615 7$aStatut des fonctionnaires 615 7$aregulations for civil servants 615 7$aDroit comparé 615 7$acomparative law 615 7$aUE/CE Etats membres 615 7$aEU Member State 615 7$aGermany 615 7$aEurope 676 $a331.252094 702 $aBecker$b Ulrich$f1960- 702 $aKo?hler$b Peter A. 702 $aKo?rtek$b Yasemin$f1972- 801 0$bWaSeSS 801 1$bWaSeSS 906 $aBOOK 912 $a9910297035803321 996 $aDie Alterssicherung von Beamten und ihre Reformen im Rechtsvergleich$92264048 997 $aUNINA LEADER 03604nam 2200493 450 001 9910820543003321 005 20230814221333.0 010 $a90-04-35708-4 024 7 $a10.1163/9789004357082 035 $a(CKB)4100000000729635 035 $a(MiAaPQ)EBC5124295 035 $a(OCoLC)1010747326 035 $a(nllekb)BRILL9789004357082 035 $a(EXLCZ)994100000000729635 100 $a20180130h20182018 uy 0 101 0 $aeng 135 $aurcnu|||||||| 181 $2rdacontent 182 $2rdamedia 183 $2rdacarrier 200 14$aThe codification of Islamic criminal law in the Sudan $epenal codes and Supreme Court case law under Numayri and al-Bashir /$fOlaf Ko?ndgen 210 1$aLeiden, Netherlands ;$aBoston, [Massachusetts] :$cBrill,$d2018. 210 4$d©2018 215 $a1 online resource (480 pages) $cillustrations 225 1 $aStudies in Islamic Law and Society,$x1384-1130 ;$vVolume 43 311 $a90-04-34743-7 320 $aIncludes bibliographical references and indexes. 327 $aFront Matter -- Introduction -- A Short History of Islamic Law in the Sudan -- Sources, Structures, Procedure, Evidence, and General Principles -- Unlawful Sexual Intercourse (zin?) and Related Offenses -- Unfounded Accusation of Unlawful Sexual Intercourse (qadhf) -- Alcohol Consumption (shurb al-khamr) -- ?add Theft (sariqa ?addiyya) -- Highway Robbery (?ir?ba) -- Apostasy (ridda) -- Homicide and Bodily Harm -- Ta?z?r -- Human Rights and Sudanese Islamic Criminal Law -- Conclusion -- Glossary of Arabic Legal Terms -- References -- Sudanese Laws and Legislative Projects -- List of Quoted Supreme Court Cases -- Indexes. 330 $aIn The Codification of Islamic Criminal Law in the Sudan , Olaf Köndgen offers an in-depth analysis of the Sudan?s Islamized penal codes of 1983 and 1991, their historical, political, and juridical context, their interpretation in the case law of the Supreme Court, and their practical application. He examines issues that arise in shar??a criminal law, including homicide, bodily harm, unlawful sexual intercourse ( zin? , liw?? ), rape, unfounded accusation of unlawful sexual intercourse ( qadhf ), highway robbery ( ?ir?ba ), apostasy ( ridda ), and alcohol consumption. Drawing on a wide range of primary and secondary sources, a large number of previously untapped Supreme Court cases, and interviews with judges and politicians, Köndgen convincingly explains the multiple contradictions and often surprising aspects of one of the Arab world?s longest lasting applications of codified shar??a criminal law. Olaf Köndgen won the DAVO Dissertation Prize 2014 for his Ph.D. thesis. \'This extremely well-documented study represents a milestone for the discussion of Islamic criminal law in the Muslim world as a whole and in the Sudan especially. Olaf Köndgen fills an academic void; his work deserves the greatest recognition, for its extraordinary quality, its thoroughness and systematic approach.\' Prof. Günter Meyer, Johannes Gutenberg University Mainz 410 0$aStudies in Islamic law and society ;$vVolume 43. 606 $aCriminal law (Islamic law)$zSudan 606 $aIslamic law$zSudan 607 $aSudan 615 0$aCriminal law (Islamic law) 615 0$aIslamic law 676 $a345.624 700 $aKo?ndgen$b Olaf$01617828 801 0$bMiAaPQ 801 1$bMiAaPQ 801 2$bMiAaPQ 906 $aBOOK 912 $a9910820543003321 996 $aThe codification of Islamic criminal law in the Sudan$93949203 997 $aUNINA